| 000 | 01292nab a22002537a 4500 | ||
|---|---|---|---|
| 999 |
_c6269 _d6269 |
||
| 003 | OSt | ||
| 005 | 20260128192931.0 | ||
| 008 | 190514b xxu||||| |||| 00| 0 spa d | ||
| 040 | _cPJ | ||
| 100 |
_96973 _aCartabia, Sabrina |
||
| 245 | 1 | 0 |
_aAlimentos : _bestándares de derechos humanos. Hacia una interpretación contextualizada / _cSabrina Cartabia, Luisina Carrizo. |
| 300 | _ap. 78-86 | ||
| 500 | _aCita: TR LALEY AR/DOC/2708/2025. | ||
| 505 | _aSumario: I. Introducción.— II. Monteros, Tucumán "R., B. C. c. S., L. N. s/ alimentos", 23/05/2025, Expte. Nro. 68/21.— III. CCiv. y Com. Necochea, "D. N. G. c. R. L. D. s/ alimentos", 16/05/2025.— IV. Conclusión. | ||
| 505 | _tFallo comentado: CCiv. y Com., Necochea ~ 16/05/2025 ~ D. N. G. c. R. L. D. s/ alimentos. | ||
| 505 | _tFallo comentado: TGestión AsociadaFamilia, Nro. 1 Monteros ~ 23/05/2025 ~ R., B. C. c. S., L. N. s/ alimentos. | ||
| 650 | 0 |
_9967 _aDERECHO DE FAMILIA |
|
| 650 | 0 |
_9968 _aALIMENTOS |
|
| 650 | 0 |
_9614 _aDERECHOS HUMANOS |
|
| 650 | 0 |
_91057 _aJURISPRUDENCIA APLICABLE |
|
| 700 |
_94324 _aRubaja, Nieve |
||
| 773 | 0 |
_02844 _93222 _dBuenos Aires : AbeledoPerrot, 1989- _tDerecho de familia. Revista Interdisciplinaria de doctrina y jurisprudencia. Diciembre 2025-VI. _z18511201 |
|
| 942 |
_2udc _cANA |
||